All Taylor Swift Songs Starting With "The" - Statistics

General Stats
  • This quiz has been taken 49 times
  • The average score is 12 of 15
Answer Stats
Hint Answer % Correct
folklore the last great american dynasty
95%
folklore the 1
93%
Lover The Archer
90%
folklore the lakes
90%
Lover The Man
90%
Fearless The Way I Loved You
88%
Debut The Outside
85%
Midnights The Great War
83%
Red The Last Time
80%
Speak Now The Story Of Us
80%
Fearless The Other Side Of The Door
76%
Red The Very First Night
73%
Fearless The Best Day
71%
Red The Lucky One
61%
Red The Moment I Knew
61%
No matching quizzes found
Score Distribution
Percent of People with Each Score
Percentile by Number Answered
Your Score History
You have not taken this quiz